[Event "Capablanca Memorial op 45th"]
[Site "Havana"]
[Date "2010.06.14"]
[Round "5"]
[White "Infante Guerrero, Miguel Antonio"]
[Black "Corrales Jimenez, Zenia"]
[Result "1/2-1/2"]
[WhiteElo "2277"]
[BlackElo "2166"]
[PlyCount "101"]
[EventDate "2010.06.10"]
[EventType "swiss"]
[EventRounds "10"]
[EventCountry "CUB"]
[SourceTitle "CBM 137 Extra"]
[Source "ChessBase"]
[SourceDate "2010.09.01"]
[SourceVersion "1"]
[SourceVersionDate "2010.09.01"]
[SourceQuality "1"]

1. Nf3 Nf6 2. c4 e6 3. Nc3 d5 4. d4 Be7 5. cxd5 exd5 6. Bg5 c6 7. Qc2 Bg4 8. e3 Ne4 9. Bxe7 Qxe7 10. Bd3 Nxc3 11. bxc3 Nd7 12. Rb1 Bxf3 13. gxf3 Nf6 14. Qb3 b6 15. Qb4 Qxb4 16. Rxb4 Kd7 17. c4 Kd6 18. Kd2 dxc4 19. Rxc4 Nd5 20. Rhc1 Ne7 21. Be4 Rac8 22. f4 f5 23. Bf3 Rc7 24. a4 Rhc8 25. Ke1 Nd5 26. Kf1 b5 27. Rc5 b4 28. a5 g6 29. Ke1 Nc3 30. Kd2 Rb8 31. Kc2 Na4 32. Rc4 c5 33. Kb3 Nc3 34. h4 Rb5 35. Ra1 Nd5 36. Ra4 cxd4 37. Rxd4 Rc3+ 38. Kb2 Rc8 39. a6 b3 40. Rac4 Rxc4 41. Rxc4 Nb4 42. Be2 Rb6 43. Rc8 Nxa6 44. Bxa6 Rxa6 45. Kxb3 Kd5 46. f3 Re6 47. Rd8+ Kc5 48. Rc8+ Kb5 49. Rc3 a5 50. Kc2 a4 51. Rd3 1/2-1/2